• 首页
  • 本馆介绍
  • 公告通知
  • 最新文献
  • 馆藏检索
  • 电子资源
  • 读者导购
  • 参考咨询
  • 我的图书馆
  • 登录
  • 详细信息显示
  • 放入我的书架
  • 预约/预借图书
  • 作者相关作品
  • 分类相关作品
  • 丛书相关作品
  • 出版社相关作品

书目信息

  • 表格格式
  • 工作单格式
  • 卡片格式
题名:
罗马尼亚人民史
    
 
作者: 安德烈·奥采特亚院士 主编 ;安娜-埃瓦·布杜拉 , 徐文德 译
分册:  
出版信息: 北京   商务印书馆  1981.6
页数: 398页
开本: 20cm
丛书名:
单 册:
中图分类: K542.0
科图分类:
主题词: 南欧--历史
电子资源:
ISBN:
000 00788nam0 2200241 45
001 0212190975
005 20031219104102.5
010    @dCNY1.80
091    @a11017.511
100    @a20021219d1981 km y0chiy0120 ea
101 0  @achi
105    @aab z 000yy
200 1  @a罗马尼亚人民史@ALuo Ma Ni Ya Ren Min Shi@f(罗)安德烈·奥采特亚院士主编@F(Luo)An De Lie·Ao Cai Te Ya Yuan Shi Zhu Bian@g(罗)安娜-埃瓦·布杜拉等译@g徐文德等校
210    @a北京@c商务印书馆@d1981.6
215    @a398页@c照片,地图@d20cm
300    @a内部参考读物
606 0  @a南欧@x历史
690    @aK542.0@v3
701  0 @a安德烈·奥采特亚院士@4主编
702  0 @a安娜-埃瓦·布杜拉@AAn Na-Ai Wa·Bu Du La@4译
702  0 @a徐文德@AXu Wen De@4校
801    @aCN@bTSTC@c20021219
905    @f1@b219200@dK542.0@e2
    
    罗马尼亚人民史/(罗)安德烈·奥采特亚院士主编/(罗)安娜-埃瓦·布杜拉等译/徐文德等校.-北京:商务印书馆,1981.6
    398页:照片,地图;20cm
    内部参考读物
    
    ISBN :CNY1.80
    
●
相关链接 在E读中查询图书 在五车中查询图书 在当当中查询图书 在豆瓣中查询图书


正题名:罗马尼亚人民史     索取号:K542.0/2         预约/预借

序号 登录号 条形码 馆藏地/架位号 状态 备注
1 0215344   001395653   第二样本阅览室/ [索取号:K542.0/2] 在馆    
2 0219200   001746294   密集书库/ [索取号:K542.0/2] 在馆    
唐山师范学院图书馆 欢迎您!
大连网信软件有限公司© 版权所有